Fichte y las raices de la filosofía contemporánea

Enregistré dans:
Détails bibliographiques
Auteur principal: Alvarez González, Francisco (Auteur)
Format: Livre
Langue:espagnol
Publié: San José Universidad de Costa Rica 1972
Collection:Serie Filosofía, 33
Sujets:
Tags: Ajouter un tag
Pas de tags, Soyez le premier à ajouter un tag!

MARC

LEADER 00000nam a2200000 a 4500
001 UCZ7657
003 CL-VaPUC
008 960109e19720000CR |||||||||||||||||spa|d
082 0 4 |a 193  |b ALV  |2 21 
100 0 |a Alvarez González, Francisco  |e author  |9 352644 
245 1 0 |a Fichte y las raices de la filosofía contemporánea 
300 |a 85 p 
942 |c BK 
945 |d 19960109 00:00:00  |a rleighto 
260 |a San José  |b Universidad de Costa Rica  |c 1972 
600 0 |a Fichte, Johann Gottlieb  |e autore  |9 316864 
650 0 |a Filosofía alemana   |9 265002 
650 0 |a Crítica e interpretación   |9 255042 
583 |a last modification  |c 19960109 00:00:00  |k Rodrigo Vera 
490 0 |a Serie Filosofía, 33 
999 |c 243704  |d 243702 
952 |0 0  |1 0  |4 0  |6 193_000000000000000_ALV_1972  |7 0  |8 P  |9 257479  |a BIBEDU  |b BIBEDU  |c BIBEDU_PB  |d 2019-11-19  |i 316750K  |o 193 ALV 1972  |p 316750K  |r 2024-01-25  |w 2019-11-19  |y BK  |k FIL